Ostmitteleuropa: religious intolerance and discrimination in the EU states of East Central Europe with special consideration of Poland = East Central Europe
| Subtitles: | East Central Europe |
|---|---|
| Main Author: | |
| Format: | Print Article |
| Language: | English |
| Check availability: | HBZ Gateway |
| Interlibrary Loan: | Interlibrary Loan for the Fachinformationsdienste (Specialized Information Services in Germany) |
| Published: |
2011
|
| In: |
Religion, Staat, Gesellschaft
Year: 2011, Volume: 12, Issue: 1, Pages: 281-291 |
| Standardized Subjects / Keyword chains: | B
Poles
/ Europe
/ Religious minority
/ Discrimination
|
| RelBib Classification: | AX Inter-religious relations CC Christianity and Non-Christian religion; Inter-religious relations KBK Europe (East) ZA Social sciences |
MARC
| LEADER | 00000caa a22000002c 4500 | ||
|---|---|---|---|
| 001 | 1646403096 | ||
| 003 | DE-627 | ||
| 005 | 20220616124639.0 | ||
| 007 | tu | ||
| 008 | 160405s2011 xx ||||| 00| ||eng c | ||
| 035 | |a (DE-627)1646403096 | ||
| 035 | |a (DE-576)467145482 | ||
| 035 | |a (DE-599)BSZ467145482 | ||
| 040 | |a DE-627 |b ger |c DE-627 |e rakwb | ||
| 041 | |a eng | ||
| 084 | |a 0 |2 ssgn | ||
| 100 | 1 | |0 (DE-588)1031482938 |0 (DE-627)736510958 |0 (DE-576)378934988 |4 aut |a Stokłosa, Katarzyna |d 1974- | |
| 109 | |a Stokłosa, Katarzyna 1974- | ||
| 245 | 1 | 0 | |a Ostmitteleuropa |b religious intolerance and discrimination in the EU states of East Central Europe with special consideration of Poland = East Central Europe |
| 246 | 3 | 1 | |a East Central Europe |
| 264 | 1 | |c 2011 | |
| 336 | |a Text |b txt |2 rdacontent | ||
| 337 | |a ohne Hilfsmittel zu benutzen |b n |2 rdamedia | ||
| 338 | |a Band |b nc |2 rdacarrier | ||
| 601 | |a Ostmitteleuropa | ||
| 601 | |a Special | ||
| 652 | |a AX:CC:KBK:ZA | ||
| 689 | 0 | 0 | |d g |0 (DE-588)4046496-9 |0 (DE-627)106197762 |0 (DE-576)209069872 |2 gnd |a Polen |
| 689 | 0 | 1 | |d g |0 (DE-588)4075739-0 |0 (DE-627)104174803 |0 (DE-576)209199261 |2 gnd |a Osteuropa |
| 689 | 0 | 2 | |d s |0 (DE-588)4140292-3 |0 (DE-627)105628948 |0 (DE-576)209701552 |2 gnd |a Religiöse Minderheit |
| 689 | 0 | 3 | |d s |0 (DE-588)4012472-1 |0 (DE-627)106348310 |0 (DE-576)20889862X |2 gnd |a Diskriminierung |
| 689 | 0 | |5 (DE-627) | |
| 773 | 0 | 8 | |i In |t Religion, Staat, Gesellschaft |d Zürich : Lit Verlag GmbH & Co. KG, 2000 |g 12(2011), 1, Seite 281-291 |w (DE-627)320483622 |w (DE-600)2010114-4 |w (DE-576)09114308X |x 1438-955X |7 nnas |
| 773 | 1 | 8 | |g volume:12 |g year:2011 |g number:1 |g pages:281-291 |
| 935 | |a mteo | ||
| 951 | |a AR | ||
| ELC | |b 1 | ||
| ITA | |a 1 |t 1 | ||
| LOK | |0 000 xxxxxcx a22 zn 4500 | ||
| LOK | |0 001 3318342203 | ||
| LOK | |0 003 DE-627 | ||
| LOK | |0 004 1646403096 | ||
| LOK | |0 005 20160405154023 | ||
| LOK | |0 008 160404||||||||||||||||ger||||||| | ||
| LOK | |0 040 |a DE-Tue135 |c DE-627 |d DE-Tue135 | ||
| LOK | |0 092 |o n | ||
| LOK | |0 852 |a DE-Tue135 | ||
| LOK | |0 852 1 |9 00 | ||
| LOK | |0 935 |a ixzs |a ixmi | ||
| LOK | |0 936ln |0 1442043253 |a AX | ||
| LOK | |0 936ln |0 1442043806 |a CC | ||
| LOK | |0 936ln |0 1442048824 |a KBK | ||
| LOK | |0 936ln |0 1442053771 |a ZA | ||
| LOK | |0 939 |a 04-04-16 |b l01 | ||
| ORI | |a SA-MARC-ixtheoa001.raw | ||
| REL | |a 1 | ||
| STA | 0 | 0 | |a Discrimination,Europe,Eastern Europe,Poles,Poland,Polish people,Religious minority,Minority |
| STB | 0 | 0 | |a Discrimination,Minorité religieuse,Polonais |
| STC | 0 | 0 | |a Discriminación,Minoría religiosa,Polacos |
| STD | 0 | 0 | |a Discriminazione,Minoranza religiosa,Polacchi |
| STE | 0 | 0 | |a 宗教少数者,宗教少数人仕,歧视,波兰 |
| STF | 0 | 0 | |a 宗教少數者,宗教少數人仕,歧視,波蘭 |
| STG | 0 | 0 | |a Minoria religiosa,Poloneses,discriminação |
| STH | 0 | 0 | |a Дискриминация,Поляки (народ),Религиозное меньшинство |
| STI | 0 | 0 | |a Διάκριση,Θρησκευτική μειονότητα,Πολωνοί |
| SUB | |a REL | ||
| SYG | 0 | 0 | |a Polen,Polen,Poland , Generalgouvernement Polen,Polska,Rzeczpospolita Polska,Polska Rzeczpospolita Ludowa,Poland,Pologne,République Polonaise,Generalne Gubernatorstwo w Polsce,Polish People's Republic,Polska Rzeczpospolita,PRL,RP,Polen,Polska,Besetzte Polnische Gebiete,Besetztes Gebiet in Polen,Okupowane Polskie Obszary,Obszary Okupowane w Polsce,Volksrepublik Polen,Polska Rosyjska,Republic Polen,Respublika Pol'ša,Pol'skaja Narodnaja Respublika,République de Pologne,Polen Links der Weichsel,Polska po Lewej Stronie Wisły,Lenkija,Polija,Gubernija Carstva Pol'skago,Republik Polen , Europe de l'Est,Eastern Europe,Europe orientale , Europa,Ost,Östliches Europa,Central Europe , Discrimination,Soziale Benachteiligung,Soziale Diskriminierung,Discrimination |
| TIM | |a 000000000000_100015691231 |b - 1569 | ||



